[Event "Minsk op"]
[Site "Minsk"]
[Date "2023.11.03"]
[Round "1"]
[White "Sivko, Lev"]
[Black "Elkin, Leonid"]
[Result "0-1"]
[WhiteElo "1184"]
[BlackElo "1874"]
[PlyCount "48"]
[EventDate "2023.11.03"]
[EventType "swiss"]
[EventRounds "9"]
[EventCountry "BLR"]
[SourceTitle "CB46_2023"]
[SourceDate "2023.11.15"]
[SourceVersion "1"]
[SourceVersionDate "2023.11.15"]
[SourceQuality "1"]

1. e4 c5 2. Nf3 d6 3. d4 cxd4 4. Nxd4 Nf6 5. Nc3 g6 6. Be3 Bg7 7. f3 0-0 8. Qd2 Nc6 9. Bc4 Bd7 10. 0-0-0 Rb8 11. g4 Na5 12. Bb3 b5 13. h4 Nc4 14. Bxc4 bxc4 15. h5 Qa5 16. Bh6 Qb4 17. Qe3 Qxb2+ 18. Kd2 Bxh6 19. Qxh6 Qb6 20. Nde2 Bxg4 21. fxg4 Nxg4 22. Qg5 Nf2 23. Nd5 Nxe4+ 24. Ke1 Qf2# 0-1